Sanat: "Tarja sinä rakas" - Kake Randelin - Statistics

Yleistilastot
  • Tätä visaa on pelattu 26 kertaa
  • Keskiarvotulos 64 / 93
Vastaustilastot
Vastaus % Oikein
Tarja,
100%
Tarja,
100%
Tarja
100%
Tarja
100%
Tarja,
100%
Tarja,
100%
Tarja
100%
Tarja
100%
sinä
94%
sinä
94%
on
88%
on
88%
on
88%
rakas
88%
rakas
88%
tahtoisin
88%
tahtoisin
88%
tahtoisin
88%
ikävä
82%
ikävä
82%
lämmin
82%
82%
82%
mulla
82%
mulla
82%
olla
82%
tahdon
82%
tahdon
82%
vain
82%
vain
82%
en
76%
kaipais
76%
käsi
76%
Muuta
76%
Siellä
76%
Siellä
76%
Sinne
76%
Sinne
76%
syli
76%
syli
76%
tulla
76%
tulla
76%
vielä
76%
kesä
71%
koivujen
71%
lämpöinen
71%
lämpöinen
71%
missä
71%
missä
71%
Ois
71%
olet,
71%
olet,
71%
onko
71%
onko
71%
pesä
71%
vierelläsi
71%
Yhä
71%
yhä
71%
luulen
65%
Nurmikko,
65%
silmiä
65%
toisien
65%
vierellein
65%
vierellein
65%
Astu
59%
ei
59%
koskaan
59%
mun
59%
paikallesi
59%
Rakkaan
59%
Rakkaan
59%
ranta,
59%
silmiksesi
59%
joskus
53%
sydämeen
53%
Haaveista
47%
herään
47%
herään
47%
Hetkeksi
47%
Kuitenkin
47%
toinen
47%
Kaupunki
41%
muistojen
41%
siivillä
41%
sumuinen
41%
vierellesi
41%
täällä
35%
kadut
29%
kylmät
29%
pelkät
29%
katveissa
24%
löydän
24%
Linnuila
12%
Ehtoja vastaavia visoja ei löytynyt
Tulosjakauma
Jokaisen tuloksen saaneiden osuus
Persentiili vastausten määrän mukaan
Tuloshistoriasi
Et ole pelannut tätä visaa